| 000 | 01262nam a22003617a 4500 | ||
|---|---|---|---|
| 003 | CHAP | ||
| 005 | 20220329141707.0 | ||
| 008 | 971013s1978 r 00010 d | ||
| 010 | _a72324 | ||
| 011 | _a73296 | ||
| 035 | _a82853 | ||
| 040 | _cCHAP | ||
| 090 | _aTesis | ||
| 100 | 0 | 0 |
_aGarcía Arroyo, Alberto Orlando. _945725 |
| 245 | _aEvaluación de un proyecto de finacimiento hidroagrícola; caso Tavelojeca, Sinaloa | ||
| 260 |
_aChapingo, Méx. : _bEl autor, _c1978 |
||
| 300 |
_a111 h. _b: apénd. |
||
| 502 | _aTesis (Ing. Agr. Esp. en Irrigación) -- ENA. Departamento de Irrigación | ||
| 590 |
_aALEPH _b10 _c20130110 _lUCH01 _h1413 |
||
| 590 |
_aBATCH-UPD _b10 _c20130110 _lUCH01 _h0635 |
||
| 590 |
_aBATCH-UPD _b10 _c20130110 _lUCH01 _h2344 |
||
| 590 |
_aBATCH-UPD _b10 _c20130410 _lUCH01 _h0319 |
||
| 590 |
_aBATCH-UPD _b10 _c20130410 _lUCH01 _h1632 |
||
| 590 |
_aBATCH-UPD _b10 _c20130914 _lUCH01 _h1658 |
||
| 590 |
_aCONVERSION _b10 _c20130109 _lUCH01 _h1340 |
||
| 650 | 1 | 4 |
_aIrrigación _xProyectos _xSinaloa. _960470 |
| 650 | 1 | 4 |
_aPolítica agrícola _xSinaloa. _990361 |
| 901 | _aBK | ||
| 942 | _cFOLL | ||
| 949 |
_bBC _cTES _d-37106 _eTS1 _i82853 _si |
||
| 949 |
_bBC _cTES _d-37107 _eTS2 _fc.2 _i82853 _si |
||
| 949 |
_bBC _cTES _d-37108 _eTS2 _fc.3 _i82853 _si |
||
| 999 |
_c72324 _d72324 |
||